|
|
|
|
| LEADER |
00000cas a2200000 a 4500 |
| 001 |
vtls008768464 |
| 003 |
SK-MaSNL |
| 005 |
20260228160533.0 |
| 008 |
060531d19952011xo br|p 0 b0slo |
| 040 |
|
|
|a SNK
|b slo
|c SNK
|d SVKBB
|e AACR2
|
| 041 |
0 |
|
|a slo
|
| 043 |
|
|
|a e-xo---
|
| 044 |
|
|
|a xo
|c SK
|
| 072 |
|
7 |
|a 352/354
|x Stupne miestnej, oblastnej a ústrednej správy
|2 konspekt
|
| 072 |
|
7 |
|a 394
|x Verejný a spoločenský život. Každodenný život
|2 konspekt
|
| 080 |
|
|
|a 050
|2 2011
|
| 080 |
|
|
|a 353.9
|2 2011
|
| 080 |
|
|
|a 394
|2 2011
|
| 245 |
0 |
0 |
|a Valaličan
|b obecné noviny
|
| 260 |
|
|
|a Valaliky
|b Obecný úrad
|c 1995-2011
|
| 300 |
|
|
|a 17 zv.
|c 30 cm
|
| 310 |
|
|
|a 4x ročne
|b 2010-2011
|
| 321 |
|
|
|a 6x ročne
|b 2007-2009
|
| 321 |
|
|
|a 4x ročne
|b 1995-2006
|
| 362 |
0 |
|
|a Roč. 1, č. 1 (1995)-roč. 17, č. 2 (2011)
|
| 500 |
|
|
|a Registrované OÚ číslo: OÚ 1/1995 ; EV 3247/09
|
| 500 |
|
|
|a Od č. 3/2011 začína vychádzať pod novým názvom Valalické novinky
|
| 650 |
0 |
7 |
|a každodenný život
|2 SNKPH
|9 4946
|
| 650 |
0 |
7 |
|a územná samospráva
|2 SNKPH
|9 802
|
| 651 |
|
7 |
|a Valaliky (Slovensko)
|2 SNKPH
|9 31699
|
| 655 |
|
7 |
|a miestne periodiká
|2 SNKPH
|9 160938
|
| 785 |
0 |
0 |
|t Valalické novinky
|x 1338-9491
|w vtls010441160
|
| 856 |
4 |
0 |
|u http://valaliky.sk/index.php/valalicke-noviny/197-archiv-obecnych-novin
|
| 910 |
|
|
|a snk
|
| 916 |
|
|
|a 1995-2011
|
| 958 |
|
|
|a OND
|
| 999 |
|
|
|c 2903
|d 4833
|
| 952 |
|
|
|0 0
|1 0
|4 0
|7 0
|8 0
|a SNK
|b SNK
|d 2017-07-24
|f 1
|i snk2017/16904
|l 0
|o snkČSB 6457/1/1995
|p 17A1263136
|r 2026-02-21 22:25:35
|t č. 1-4
|w 2026-02-21
|y PREZ
|
| 952 |
|
|
|0 0
|1 0
|4 0
|7 0
|8 0
|a SNK
|b SNK
|d 2017-07-24
|f 1
|i snk2017/16904
|l 0
|o snkČSB 6457/2/1996
|p 17A1263135
|r 2026-02-21 22:25:35
|t č. 5-8
|w 2026-02-21
|y PREZ
|
| 952 |
|
|
|0 0
|1 0
|4 0
|7 0
|8 0
|a SNK
|b SNK
|d 2017-07-24
|f 1
|i snk2017/16904
|l 0
|o snkČSB 6457/3/1997
|p 17A1263134
|r 2026-02-21 22:25:35
|t č. 1-4
|w 2026-02-21
|y PREZ
|
| 952 |
|
|
|0 0
|1 0
|4 0
|7 0
|8 0
|a SNK
|b SNK
|d 2017-07-24
|f 1
|i snk2017/16904
|l 0
|o snkČSB 6457/4/1998
|p 17A1263133
|r 2026-02-21 22:25:35
|t č. 1-4
|w 2026-02-21
|y PREZ
|
| 952 |
|
|
|0 0
|1 0
|4 0
|7 0
|8 0
|a SNK
|b SNK
|d 2017-07-24
|f 1
|i snk2017/16909
|l 0
|o snkČSB 6457/5/1999
|p 17A1263132
|r 2026-02-21 22:25:36
|t č. 1-3
|w 2026-02-21
|y PREZ
|
| 952 |
|
|
|0 0
|1 0
|4 0
|7 0
|8 0
|a SNK
|b SNK
|d 2017-07-24
|f 1
|i snk2017/16909
|l 0
|o snkČSB 6457/6/2000
|p 17A1263131
|r 2026-02-21 22:25:36
|t č. 1-4
|w 2026-02-21
|y PREZ
|
| 952 |
|
|
|0 0
|1 0
|4 0
|7 0
|8 0
|a SNK
|b SNK
|d 2017-07-24
|f 1
|i snk2017/16909
|l 0
|o snkČSB 6457/7/2001
|p 17A1263130
|r 2026-02-21 22:25:36
|t č. 1-4
|w 2026-02-21
|y PREZ
|
| 952 |
|
|
|0 0
|1 0
|4 0
|7 0
|8 0
|a SNK
|b SNK
|d 2017-07-24
|f 1
|i snk2017/16909
|l 0
|o snkČSB 6457/8/2002
|p 17A1263129
|r 2026-02-21 22:25:36
|t č. 1-4
|w 2026-02-21
|y PREZ
|
| 952 |
|
|
|0 0
|1 0
|4 0
|7 0
|8 0
|a SNK
|b SNK
|d 2017-07-24
|f 1
|i snk2017/16913
|l 0
|o snkČSB 6457/9/2003
|p 17A1263128
|r 2026-02-21 22:25:36
|t č. 1-4
|w 2026-02-21
|y PREZ
|
| 952 |
|
|
|0 0
|1 0
|4 0
|7 0
|8 0
|a SNK
|b SNK
|d 2017-07-24
|f 1
|i snk2017/16913
|l 0
|o snkČSB 6457/10/2004
|p 17A1263127
|r 2026-02-21 22:25:36
|t č. 1-4
|w 2026-02-21
|y PREZ
|
| 952 |
|
|
|0 0
|1 0
|4 0
|7 0
|8 0
|a SNK
|b SNK
|d 2017-07-24
|f 1
|i snk2017/16913
|l 0
|o snkČSB 6457/11/2005
|p 17A1263126
|r 2026-02-21 22:25:36
|t č. 1-4
|w 2026-02-21
|y PREZ
|
| 952 |
|
|
|0 0
|1 0
|4 0
|7 0
|8 0
|a SNK
|b SNK
|d 2017-07-24
|f 1
|i snk2017/16913
|l 0
|o snkČSB 6457/12/2006
|p 17A1263125
|r 2026-02-21 22:25:39
|t č. 1-4
|w 2026-02-21
|y PREZ
|
| 952 |
|
|
|0 0
|1 0
|4 0
|7 0
|8 0
|a SNK
|b SNK
|d 2017-07-24
|f 1
|i snk2017/16913
|l 0
|o snkČSB 6457/13/2007
|p 17A1263124
|r 2026-02-21 22:25:39
|t č. 1-6
|w 2026-02-21
|y PREZ
|
| 952 |
|
|
|0 0
|1 0
|4 0
|7 0
|8 0
|a SNK
|b SNK
|d 2017-07-24
|f 1
|i snk2017/16915
|l 0
|o snkČSB 6457/14/2008
|p 17A1263123
|r 2026-02-21 22:25:39
|t č. 1-6
|w 2026-02-21
|y PREZ
|
| 952 |
|
|
|0 0
|1 0
|4 0
|7 0
|8 0
|a SNK
|b SNK
|d 2017-07-24
|f 1
|i snk2017/16915
|l 0
|o snkČSB 6457/15/2009
|p 17A1263122
|r 2026-02-21 22:25:39
|t č. 1-6
|w 2026-02-21
|y PREZ
|
| 952 |
|
|
|0 0
|1 0
|4 0
|7 0
|8 0
|a SNK
|b SNK
|d 2017-07-24
|f 1
|i snk2017/16915
|l 0
|o snkČSB 6457/16/2010
|p 17A1263121
|r 2026-02-21 22:25:39
|t č. 1-4
|w 2026-02-21
|y PREZ
|
| 952 |
|
|
|0 0
|1 0
|4 0
|7 0
|8 0
|a SNK
|b SNK
|d 2017-07-24
|f 1
|i snk2017/16915
|l 0
|o snkČSB 6457/17/2011
|p 17A1263120
|r 2026-02-21 22:25:39
|t č. 1-2
|w 2026-02-21
|y PREZ
|z Od č. 3/2011 zmena názvu na Valalické novinky
|